La imposibilidad de alcanzar la completud : relatividad del proceso de formación en Los impacientes de Gonzalo Garcés /

Comenta que la novela de formación tradicional ha variado notablemente con la introducción de elementos posmodernistas en la narrativa latinoamericana. Específicamente, se analiza la novela del argentino Gonzalo Garcés, Los impacientes, para destacar las características de la nueva novela de formaci...

Descripció completa

Guardat en:
Dades bibliogràfiques
Autor principal: Ramírez Hernández, Rebeca
Format: Desconegut
Idioma:Spanish
Matèries:
Etiquetes: Afegir etiqueta
Sense etiquetes, Sigues el primer a etiquetar aquest registre!

MARC

LEADER 000000000a22000000004500
001 009443
041 0 |a spa 
100 1 |a Ramírez Hernández, Rebeca 
245 1 3 |a La imposibilidad de alcanzar la completud :   |b relatividad del proceso de formación en Los impacientes de Gonzalo Garcés /   |c Rebeca Ramírez Hernández. 
310 |a semestral 
520 |a Comenta que la novela de formación tradicional ha variado notablemente con la introducción de elementos posmodernistas en la narrativa latinoamericana. Específicamente, se analiza la novela del argentino Gonzalo Garcés, Los impacientes, para destacar las características de la nueva novela de formación sentimental; particularmente en cuanto a la imposibilidad de los protagonistas de alcanzar la madurez. 
650 4 |a GARCES, GONZALO, 1974- 
650 4 |a LOS IMPACIENTES 
650 4 |a CRITICAS 
773 0 |x 0377-628X  |d San José, Costa Rica : Editorial de la Universidad de Costa Rica  |t Revista de Filología y Lingüística de la Universidad de Costa Rica  |g volumen XXIX, número 2 (2003), páginas 37-59 
942 |c ARC 
999 |c 15279  |d 15279